| 000 | 00649nam a2200229 a 4500 | ||
|---|---|---|---|
| 008 | |||
| 020 | _a0521826128 (cased) | ||
| 049 | _aMAIN | ||
| 090 | 0 | 0 | _aQA845 |
| 100 | 1 | _aGreenwood, Donald T. | |
| 245 | 1 | 0 |
_aAdvanced dynamics / _cDonald T. Greenwood. |
| 260 |
_aCambridge : _bCambridge University Press, _c2003. |
||
| 300 |
_ax, 425 p. : _bill. ; _c26 cm. |
||
| 504 | _aIncludes bibliographical references. | ||
| 500 | _aIncludes index. | ||
| 650 | 0 | _aDynamics. | |
| 907 |
_a.b10132168 _b05-08-04 _c04-08-04 |
||
| 003 | |||
| 005 | 20230123133805.0 | ||
| 040 | _cNUST | ||
| 942 |
_cBOOKS _kQA845 |
||
| 999 |
_c154695 _d154695 |
||